000 00550nam a2200229Ia 4500
003 OSt
005 20221005132829.0
006 a|||||r|||| 00| 0
007 ta
008 221004b |||||||| |||| 00| 0 eng d
024 _a59461
037 _cTextual
040 _aCRL
_cCRL
_beng
041 _2eng
_aeng
082 _aU8:53CP:N5, J5
100 _aEpton Nina
_949792
245 0 _aValley of Pyrene
260 _c1955
650 _aGEOGRAPHY
942 _hU8:53CP:N5, J5
_cTEXL
_2cc
999 _c1064960
_d1064960